Adventure of the shark lady : (Record no. 1048)

MARC details
000 -LEADER
fixed length control field 00971nam a22002777a 4500
005 - DATE AND TIME OF LATEST TRANSACTION
control field 20231211141619.0
020 ## - INTERNATIONAL STANDARD BOOK NUMBER
International Standard Book Number 0590457128 (pbk.) :
Terms of availability $3.99
040 ## - CATALOGING SOURCE
Original cataloging agency IHI
Transcribing agency IHI
Modifying agency DPL
-- OCL
-- SPP
-- DLC
Language of cataloging eng
050 00 - LIBRARY OF CONGRESS CALL NUMBER
Classification number QL31.C56
082 ## - DEWEY DECIMAL CLASSIFICATION NUMBER
Classification number 597.0092
100 1# - MAIN ENTRY--PERSONAL NAME
Personal name McGovern, Ann.
245 10 - TITLE STATEMENT
Title Adventure of the shark lady :
Remainder of title Eugenie Clark around the world /
Statement of responsibility, etc. by Ann McGovern.
260 ## - PUBLICATION, DISTRIBUTION, ETC.
Place of publication, distribution, etc. New York :
Name of publisher, distributor, etc. Scholastic,
Date of publication, distribution, etc. 1978
300 ## - PHYSICAL DESCRIPTION
Extent 79 pages :
Other physical details illustrations,
Dimensions 20 cm.
505 ## - FORMATTED CONTENTS NOTE
Formatted contents note X <br/>
520 ## - SUMMARY, ETC.
Summary, etc. A biography of the ichthyologist whose interest in fish began at the age of nine during weekly trips to the Aquarium in New York City.
521 ## - TARGET AUDIENCE NOTE
Target audience note 890 <br/>
Source Lexile <br/>
521 ## - TARGET AUDIENCE NOTE
Target audience note X<br/>
Source Raz-Plus <br/>
650 #0 - SUBJECT ADDED ENTRY--TOPICAL TERM
Topical term or geographic name entry element Ichthyologists
Geographic subdivision United States
Form subdivision Juvenile literature.
650 #0 - SUBJECT ADDED ENTRY--TOPICAL TERM
Topical term or geographic name entry element Sharks
General subdivision Research
Form subdivision Juvenile literature.
650 #0 - SUBJECT ADDED ENTRY--TOPICAL TERM
Topical term or geographic name entry element Ichthyologists.
650 #0 - SUBJECT ADDED ENTRY--TOPICAL TERM
Topical term or geographic name entry element Sharks.
906 ## - LOCAL DATA ELEMENT F, LDF (RLIN)
a 7
b cbc
c copycat
d 2
e ncip
f 19
g y-genrareb
942 ## - ADDED ENTRY ELEMENTS (KOHA)
Source of classification or shelving scheme Dewey Decimal Classification
Koha item type Books
Suppress in OPAC No
999 ## -
-- 1048
-- 1048
Holdings
Withdrawn status Lost status Source of classification or shelving scheme Damaged status Not for loan Collection Home library Current library Shelving location Date acquired Total Checkouts Full call number Barcode Date last seen Price effective from Koha item type
    Dewey Decimal Classification     Non-Fiction Footprints International School Library Network Toul Kork Campus Footprints International School Library Network Toul Kork Campus   07/19/2023   MCG 597.0092 QL31.C56 FISTK04849 07/19/2023 07/19/2023 Books